000
00280nam a2200121Ia 4500
008
190216s9999||||xx |||||||||||||| ||und||
100
_a
Gupta S P
245
0
_a
Statistical Methods
260
_b
Sulthan Chand&Sons
_c
1984
300
_a
xxxiiip
650
_a
Statistics
942
_c
BK
999
_c
4136
_d
4136